| 000 | 00636nam a2200229 a 4500 | ||
|---|---|---|---|
| 001 | 16337 | ||
| 003 | CO-ViMGA | ||
| 008 | 141112s2004 ck r 000 u spa d | ||
| 020 | _a9583008842 | ||
| 040 |
_aCO-ViMGA _bspa _cCO-ViMGA |
||
| 082 | _aRAMs | ||
| 100 | 1 |
_aRamos, María Cristina _96049 |
|
| 245 | 1 | 0 | _aLas sombras del gato |
| 260 |
_aBogotá : _bPanAméricana, _c2002 |
||
| 300 | _a56.p.il. | ||
| 490 | _aQue pase el tren | ||
| 590 | _aForma de adquisición : Premio - Mincultura | ||
| 650 | 1 | 4 |
_aLLUVIA - POESIAS _96453 |
| 650 | 1 | 4 |
_aPOESIA INFANTIL ARGENTINA _92509 |
| 650 | 1 | 4 |
_aSOMBRAS - POESIAS _96454 |
| 942 |
_2ddc _cBK |
||
| 999 |
_c11533 _d11533 |
||